[Event "ECU-chT U20 Girls"]
[Site "Carpuela"]
[Date "2014.05.06"]
[Round "7.1"]
[White "Versosa Bravo, Karen Vanessa"]
[Black "Benavides Lopez, Nataly Silvan"]
[Result "1-0"]
[WhiteElo "1738"]
[BlackElo "1553"]
[PlyCount "33"]
[EventDate "2014.05.03"]
[EventType "team-swiss"]
[EventRounds "7"]
[EventCountry "ECU"]
[SourceTitle "CBM 160 Extra"]
[Source "ChessBase"]
[SourceDate "2014.07.01"]
[SourceVersion "1"]
[SourceVersionDate "2014.07.01"]
[SourceQuality "1"]
[WhiteTeam "Orellana (W)"]
[BlackTeam "Carchi (W)"]
[WhiteTeamCountry "ECU"]
[BlackTeamCountry "ECU"]

1. d4 e6 2. Nf3 d5 3. c4 Nf6 4. Nc3 c5 5. e3 Be7 6. Bd3 Nc6 7. 0-0 0-0 8. b3 b6 9. Bb2 Nb4 10. Bb1 Ba6 11. a3 Nc6 12. Bd3 dxc4 13. bxc4 cxd4 14. exd4 Nxd4 15. Nxd4 Qxd4 16. Bxh7+ Nxh7 17. Qxd4 1-0

[Event "ECU-chT U20 Girls"]
[Site "Carpuela"]
[Date "2014.05.05"]
[Round "5.1"]
[White "Benavides Lopez, Nataly Silvan"]
[Black "Tigrero Suarez, Karen"]
[Result "0-1"]
[WhiteElo "1553"]
[BlackElo "1640"]
[PlyCount "58"]
[EventDate "2014.05.03"]
[EventType "team-swiss"]
[EventRounds "7"]
[EventCountry "ECU"]
[SourceTitle "CBM 160 Extra"]
[Source "ChessBase"]
[SourceDate "2014.07.01"]
[SourceVersion "1"]
[SourceVersionDate "2014.07.01"]
[SourceQuality "1"]
[WhiteTeam "Carchi (W)"]
[BlackTeam "Santa Elena (W)"]
[WhiteTeamCountry "ECU"]
[BlackTeamCountry "ECU"]

1. e4 g6 2. Nf3 Bg7 3. d4 d6 4. Nc3 Nc6 5. Bb5 a6 6. Bxc6+ bxc6 7. Bd2 Bg4 8. h3 Bxf3 9. Qxf3 Bxd4 10. 0-0-0 Bg7 11. g4 e6 12. Rhe1 Ne7 13. Qg2 0-0 14. h4 Rb8 15. h5 d5 16. b3 Qd6 17. Na4 Qa3+ 18. Kb1 Qxa4 19. e5 c5 20. Ka1 Qb5 21. h6 Bh8 22. Bg5 Nc6 23. Bf6 Bxf6 24. exf6 Nb4 25. f4 c4 26. Rb1 Qc5 27. Rec1 c3 28. Qe2 Nxa2 29. Qxa6 Ra8 0-1

[Event "ECU-chT U20 Girls"]
[Site "Carpuela"]
[Date "2014.05.04"]
[Round "3.1"]
[White "Bermudez Veliz, Josselyn Dayan"]
[Black "Benavides Lopez, Nataly Silvan"]
[Result "1-0"]
[WhiteElo "1701"]
[BlackElo "1553"]
[PlyCount "87"]
[EventDate "2014.05.03"]
[EventType "team-swiss"]
[EventRounds "7"]
[EventCountry "ECU"]
[SourceTitle "CBM 160 Extra"]
[Source "ChessBase"]
[SourceDate "2014.07.01"]
[SourceVersion "1"]
[SourceVersionDate "2014.07.01"]
[SourceQuality "1"]
[WhiteTeam "Manabi (W)"]
[BlackTeam "Carchi (W)"]
[WhiteTeamCountry "ECU"]
[BlackTeamCountry "ECU"]

1. Nf3 e6 2. c4 d5 3. g3 Nf6 4. Bg2 c5 5. cxd5 exd5 6. d4 Nc6 7. 0-0 Bd6 8. Nc3 h6 9. Re1 0-0 10. Nb5 Bf5 11. Nxd6 Qxd6 12. Bf4 Qe7 13. a3 g5 14. Bc1 Rad8 15. h3 Be4 16. Be3 c4 17. Bf1 Nh5 18. h4 f6 19. Bg2 Qg7 20. Qd2 Bxf3 21. Bxf3 Qg6 22. Bxh5 Qxh5 23. Kg2 Kg7 24. Rh1 g4 25. Qc2 Ne7 26. Bf4 Ng6 27. e3 Nxf4+ 28. exf4 f5 29. Rhe1 Rde8 30. Re5 Rxe5 31. dxe5 b5 32. Qc3 Qg6 33. Qd4 Qe6 34. Qxa7+ Rf7 35. Qd4 Rc7 36. Rd1 Rd7 37. Qc5 Rb7 38. Rxd5 Qa6 39. Rd6 Qa8 40. Kg1 b4 41. Qc6 Qa7 42. Rg6+ Kf7 43. Qe6+ Kf8 44. Rg8# 1-0